000 01000nam a22002775a 4500
003 EG-ScBUE
005 20221213123853.0
008 180513s2001 th a f 000 0 eng d
020 _a9748298345
040 _aEG-ScBUE
_beng
_erda
_cEG-ScBUE
_dEG-ScBUE
043 _aa-th---
082 0 4 _a728.09593
_bAMR
_222
100 1 _aAmranand, Ping,
_eauthor,
_ephotographer.
245 1 0 _aHeritage homes of Thailand /
_cphotographed by Ping Amranand ; written by William Warren.
250 _aFourth printing.
264 _aBangkok :
_bThe Siam Society Under Royal Patronage,
_c2001.
300 _a168 pages :
_billustrations ;
_c28 cm
650 7 _aArchitecture, Domestic
_zThailand
_vPictorial works.
_2BUEsh
650 7 _aInterior decoration
_zThailand
_vPictorial works.
_2BUEsh
651 _2BUEsh
653 _bGGEN
_cMay2018
655 _vReading book
700 1 _aWarren, William,
_d1930-
_eauthor of introduction, etc.
942 _2ddc
_cBB
999 _c26707
_d26679